000 01645nam0a2200325 4500
001 rc\4320630
005 20240715174631.0
021 _aRU
_b[58-55134]
035 _a(NLR Aleph) 008511857
090 _a8173824
_c8173824
100 _a20130416d1958 |||y0rusy50 ca
101 0 _arus
102 _aRU
105 _ay z |||||
200 1 _aПодвижные игры в октябрятских группах
_fПод ред. [и с предисл.] канд. пед. наук И.И. Емельянова
_gМетод. секция Костром. обл. и гор. советов пионерской организации им. В.И. Ленина. Обл. станция юных техников. Кафедра педагогики КГПИ
210 _aКострома
_cКн. изд-во
_d1958
215 _a14 с.
_d20
225 1 _a[В помощь учителю и пионервожатому]
300 _aСост. указан на обороте тит. л.: А.П. Горский
606 1 _aПодвижные детские игры
_xНачальная школа
_jМетодические пособия
_2nlr_sh2
_3RU\NLR\AUTH\661460115
686 1 _aЧ421.354,01я8
700 1 _aГорский
_bА. П.
_4220
702 1 _aЕмельянов
_bИ. И.
_4340
_4080
712 0 2 _aВсесоюзная пионерская организация им. В.И.Ленина
_bКостромской обл. совет
_3RU\NLR\AUTH\8810021423
801 0 _aRU
_bNLR
_gpsbo
801 1 _aRU
_bELAR
_2rusmarc
852 _aNLR
_j58-4/15436
942 _cBOOK
980 _aNB